|
|
|
|
| LEADER |
00000nam0a2200000 4500 |
| 001 |
319766 |
| 005 |
20231102003219.0 |
| 035 |
|
|
|a (RuTPU)RU\TPU\book\345276
|
| 090 |
|
|
|a 319766
|
| 100 |
|
|
|a 20160609d1952 km y0rusy50 ca
|
| 101 |
0 |
|
|a rus
|
| 102 |
|
|
|a UA
|
| 105 |
|
|
|a a z 001zy
|
| 200 |
1 |
|
|a Гигиеническое нормирование микроклимата производственных помещений
|f Г. Х. Шахбазян
|
| 210 |
|
|
|a Киев
|c Государственное медицинское издательство УССР
|d 1952
|
| 215 |
|
|
|a 167 с.
|c ил.
|
| 320 |
|
|
|a Библиогр.: с. 159-165
|
| 606 |
1 |
|
|a Микроклимат производственных помещений
|2 stltpush
|3 (RuTPU)RU\TPU\subj\43671
|9 63135
|
| 610 |
1 |
|
|a гигиеническая оценка
|
| 610 |
1 |
|
|a гигиеническое нормирование
|
| 610 |
1 |
|
|a влияние на организм
|
| 610 |
1 |
|
|a терморегуляция
|
| 610 |
1 |
|
|a метеорологические условия
|
| 610 |
1 |
|
|a теплообмен
|
| 610 |
1 |
|
|a температурный режим
|
| 610 |
1 |
|
|a кожа
|
| 610 |
1 |
|
|a влажность
|
| 675 |
|
|
|a 628.8
|v 4
|
| 700 |
|
1 |
|a Шахбазян
|b Г. Х.
|
| 801 |
|
1 |
|a RU
|b 63413507
|c 20160609
|
| 801 |
|
2 |
|a RU
|b 63413507
|c 20200211
|g RCR
|
| 942 |
|
|
|c BK
|